| 000 -LEADER |
| fixed length control field |
00698nam a2200229Ia 4500 |
| 001 - CONTROL NUMBER |
| control field |
7065 |
| 003 - CONTROL NUMBER IDENTIFIER |
| control field |
GE_BSU |
| 008 - FIXED-LENGTH DATA ELEMENTS--GENERAL INFORMATION |
| fixed length control field |
181216s||||||||xx |||||||||||||| ||und|| |
| 040 ## - CATALOGING SOURCE |
| Transcribing agency |
GE_BSU |
| 080 ## - UNIVERSAL DECIMAL CLASSIFICATION NUMBER |
| Universal Decimal Classification number |
22см |
| 100 ## - MAIN ENTRY--PERSONAL NAME |
| Personal name |
Бессонов ,Л.А. |
| 245 ## - TITLE STATEMENT |
| Title |
Теоретические основы электротехники в трех томах. |
| 245 ## - TITLE STATEMENT |
| Statement of responsibility, etc. |
Ред.И.А.Иванов. |
| 250 ## - EDITION STATEMENT |
| Edition statement |
Изд. четвертое. |
| 260 ## - PUBLICATION, DISTRIBUTION, ETC. |
| Place of publication, distribution, etc. |
М. |
| 260 ## - PUBLICATION, DISTRIBUTION, ETC. |
| Name of publisher, distributor, etc. |
Высшая школа. |
| 260 ## - PUBLICATION, DISTRIBUTION, ETC. |
| Date of publication, distribution, etc. |
1964. |
| 300 ## - PHYSICAL DESCRIPTION |
| Extent |
796стр.23см. |
| 300 ## - PHYSICAL DESCRIPTION |
| Accompanying material |
табл. |
| 653 ## - INDEX TERM--UNCONTROLLED |
| Uncontrolled term |
Теоретические основы электротехники в трех томах. |
| 942 ## - ADDED ENTRY ELEMENTS (KOHA) |
| Koha item type |
წიგნი |